|
|
|
|
| LEADER |
00000cam a2200000 a 4500 |
| 001 |
76580-2 |
| 005 |
20230308172304.0 |
| 008 |
000000|1969 ||||||||r|||||||||||spa|| |
| 040 |
|
|
|b spa
|
| 041 |
1 |
|
|a spa
|
| 082 |
0 |
|
|a 338.9
|
| 100 |
1 |
|
|a Figueroa, Emilio de
|9 64621
|
| 245 |
|
|
|a Curso de política económica
|c Emilio de Figueroa
|h imp
|n tomo 2
|
| 250 |
|
|
|a 2a ed., corr.
|
| 264 |
|
|
|a Madrid
|b Revista de Derecho Privado
|c 1969
|
| 300 |
|
|
|a xvi; páginas:400-923
|
| 504 |
|
|
|a incl. ref.
|
| 650 |
1 |
0 |
|a Política económica
|9 836
|
| 650 |
1 |
|
|a Balanza de pagos
|9 16102
|
| 650 |
1 |
|
|a Renta nacional
|9 12177
|
| 650 |
1 |
0 |
|a Crecimiento económico
|9 11975
|
| 852 |
|
|
|a UC-CDJBV
|c ESTANTERIA CERRADA
|f Compra
|k mariana.feican
|l 1
|m Limitada
|p 00000000
|t 76580-2
|b 1
|d CDRC
|e CDRC
|g 338.9 ESTANTERIA CERRADA
|z 0000-00-00
|
| 942 |
|
|
|c BK
|
| 999 |
|
|
|c 39304
|d 39304
|